[Event "Nicolosi Etna op 1st"]
[Site "Nicolosi"]
[Date "2014.12.07"]
[Round "5"]
[White "Vesce, Emanuele"]
[Black "Sardo, Gabriele"]
[Result "0-1"]
[WhiteElo "1895"]
[BlackElo "2211"]
[PlyCount "104"]
[EventDate "2014.12.05"]
[EventType "swiss"]
[EventRounds "7"]
[EventCountry "ITA"]
[SourceTitle "CBM 163 Extra"]
[Source "ChessBase"]
[SourceDate "2014.12.23"]
[SourceVersion "1"]
[SourceVersionDate "2014.12.23"]
[SourceQuality "1"]

1. d4 Nf6 2. c4 e6 3. Nf3 Bb4+ 4. Nbd2 0-0 5. a3 Bxd2+ 6. Qxd2 d6 7. b4 b6 8. Bb2 Bb7 9. e3 Nbd7 10. Be2 Qe7 11. 0-0 Ne4 12. Qc2 f5 13. Rfd1 Rf6 14. c5 Bd5 15. Bc4 Bxc4 16. Qxc4 Rff8 17. cxd6 cxd6 18. Rac1 Ndf6 19. Rc2 Nd5 20. Rdc1 g5 21. Qd3 g4 22. Nd2 Nxd2 23. Qxd2 Qd7 24. Rc6 Rac8 25. Qc2 Rxc6 26. Qxc6 Qxc6 27. Rxc6 Kf7 28. Kf1 Ke7 29. Ke2 Kd7 30. Rc1 b5 31. Rh1 Rc8 32. Kd3 Nf6 33. f3 gxf3 34. gxf3 Rg8 35. Re1 Rg2 36. Re2 Rxe2 37. Kxe2 Kc6 38. Kd3 Kd5 39. Bc3 e5 40. dxe5 dxe5 41. Kd2 Ne8 42. Kc2 Nd6 43. Bd2 Nf7 44. Kb3 Ng5 45. e4+ fxe4 46. Bxg5 exf3 47. Be3 Ke4 48. Bxa7 Kd3 49. a4 bxa4+ 50. Kxa4 e4 51. b5 e3 52. b6 e2 0-1

[Event "EU-ch U16 23rd"]
[Site "Budva"]
[Date "2013.10.08"]
[Round "9"]
[White "Sibashvili, Giorgi"]
[Black "Vesce, Emanuele"]
[Result "1/2-1/2"]
[WhiteElo "2180"]
[BlackElo "2002"]
[PlyCount "81"]
[EventDate "2013.09.29"]
[EventType "swiss"]
[EventRounds "9"]
[EventCountry "MNE"]
[SourceTitle "CBM 156 Extra"]
[Source "ChessBase"]
[SourceDate "2013.10.22"]
[SourceVersion "1"]
[SourceVersionDate "2013.10.22"]
[SourceQuality "1"]

1. a3 e5 2. c4 c6 3. Nf3 e4 4. Nd4 d5 5. cxd5 Nf6 6. Nc3 Bc5 7. Nb3 Bb6 8. d4 exd3 9. Qxd3 cxd5 10. Bf4 0-0 11. e3 Nc6 12. Be2 d4 13. Nxd4 Nxd4 14. exd4 Qxd4 15. Qxd4 Bxd4 16. Nb5 Bxb2 17. Rb1 a6 18. Rxb2 axb5 19. 0-0 Bd7 20. Bxb5 Bxb5 21. Rxb5 Rfd8 22. Bc1 Rd7 23. Bb2 h6 24. Bxf6 gxf6 25. Rb3 Rd2 26. h3 Ra2 27. Rd1 R2xa3 28. Rxb7 Ra1 29. Rxa1 Rxa1+ 30. Kh2 Kg7 31. Rb4 Ra5 32. Rg4+ Rg5 33. f4 Rxg4 34. hxg4 Kg6 35. Kg3 f5 36. Kh4 fxg4 37. Kxg4 f5+ 38. Kh4 Kf6 39. Kh5 Kg7 40. g3 Kh7 41. g4 1/2-1/2

[Event "EU-ch U16 23rd"]
[Site "Budva"]
[Date "2013.10.06"]
[Round "7"]
[White "Vesce, Emanuele"]
[Black "Thybo, Jesper Sondergaard"]
[Result "0-1"]
[WhiteElo "2002"]
[BlackElo "2116"]
[PlyCount "50"]
[EventDate "2013.09.29"]
[EventType "swiss"]
[EventRounds "9"]
[EventCountry "MNE"]
[SourceTitle "CBM 156 Extra"]
[Source "ChessBase"]
[SourceDate "2013.10.22"]
[SourceVersion "1"]
[SourceVersionDate "2013.10.22"]
[SourceQuality "1"]

1. e4 c6 2. d4 d5 3. f3 dxe4 4. fxe4 e5 5. Nf3 Bg4 6. Bc4 Nd7 7. 0-0 Ngf6 8. c3 Bd6 9. Qb3 0-0 10. Qxb7 exd4 11. Qxc6 Ne5 12. Nxe5 Bxe5 13. Qb5 Qc7 14. h3 Bd7 15. Qb3 Rab8 16. Bxf7+ Rxf7 17. Qd1 Bb5 18. Rf5 Nxe4 19. Rxf7 Qxf7 20. Qf3 dxc3 21. Qxf7+ Kxf7 22. Nxc3 Nxc3 23. bxc3 Bd3 24. Be3 a6 25. Rd1 Rb1 0-1

[Event "EU-ch U16 23rd"]
[Site "Budva"]
[Date "2013.10.05"]
[Round "6"]
[White "Popov, Kirill"]
[Black "Vesce, Emanuele"]
[Result "1/2-1/2"]
[WhiteElo "2128"]
[BlackElo "2002"]
[PlyCount "80"]
[EventDate "2013.09.29"]
[EventType "swiss"]
[EventRounds "9"]
[EventCountry "MNE"]
[SourceTitle "CBM 156 Extra"]
[Source "ChessBase"]
[SourceDate "2013.10.22"]
[SourceVersion "1"]
[SourceVersionDate "2013.10.22"]
[SourceQuality "1"]

1. e4 c5 2. Nf3 d6 3. d4 cxd4 4. Nxd4 Nf6 5. Nc3 a6 6. Be3 e5 7. Nf3 Qc7 8. a4 h6 9. a5 Be6 10. Be2 Be7 11. 0-0 0-0 12. Qd3 Nc6 13. Bb6 Qb8 14. Ra4 Bd8 15. Bxd8 Rxd8 16. Nd2 d5 17. exd5 Nxd5 18. Nxd5 Rxd5 19. Qc3 Qd8 20. Nb3 Rc8 21. Qe1 Nd4 22. Nxd4 Rxd4 23. Rxd4 Qxd4 24. Qd1 Qxb2 25. Bf3 Bf5 26. Qd5 Rxc2 27. g4 Bg6 28. Qxb7 Qd4 29. Qxa6 e4 30. Bd1 Rd2 31. Qc8+ Kh7 32. Bc2 e3 33. Bxg6+ fxg6 34. Qe6 e2 35. Re1 Qd5 36. Qxd5 Rxd5 37. Rxe2 Rxa5 38. Kg2 g5 39. Kg3 Ra3+ 40. f3 Rb3 1/2-1/2

[Event "EU-ch U16 23rd"]
[Site "Budva"]
[Date "2013.10.02"]
[Round "4"]
[White "Grigorian, Spartak"]
[Black "Vesce, Emanuele"]
[Result "1-0"]
[WhiteElo "2144"]
[BlackElo "2002"]
[PlyCount "108"]
[EventDate "2013.09.29"]
[EventType "swiss"]
[EventRounds "9"]
[EventCountry "MNE"]
[SourceTitle "CBM 156 Extra"]
[Source "ChessBase"]
[SourceDate "2013.10.22"]
[SourceVersion "1"]
[SourceVersionDate "2013.10.22"]
[SourceQuality "1"]

1. d4 Nf6 2. Nf3 g6 3. c4 Bg7 4. Nc3 d5 5. cxd5 Nxd5 6. e4 Nxc3 7. bxc3 c5 8. Rb1 0-0 9. Be2 cxd4 10. cxd4 Qa5+ 11. Bd2 Qxa2 12. 0-0 Nd7 13. Bb4 Nb6 14. Bc5 Bd7 15. Ra1 Qe6 16. Ng5 Qf6 17. f4 h6 18. e5 Qc6 19. Bf3 Qc7 20. Ne4 Nd5 21. Rc1 Bb5 22. Rf2 Nxf4 23. Nc3 Ba6 24. Be4 Bxe5 25. Qg4 f5 26. Bxf5 Rxf5 27. Nd5 Rg5 28. Qf3 Nxd5 29. Qxd5+ Kh8 30. dxe5 Rd8 31. Qb3 Qd7 32. Be3 Rf5 33. Rd2 Qe8 34. Rxd8 Qxd8 35. g4 Rf3 36. Qe6 Rxe3 37. Rc8 Qxc8 38. Qxc8+ Kg7 39. Qe6 Re1+ 40. Kg2 Re2+ 41. Kg3 Kf8 42. Qxg6 Rxe5 43. Kf4 Re2 44. Qxh6+ Kf7 45. g5 Bd3 46. Qh5+ Kg7 47. Qf3 e5+ 48. Kg3 e4 49. Qf6+ Kg8 50. Qe6+ Kf8 51. Qh6+ Ke7 52. g6 Re1 53. Qg7+ Kd6 54. Qd4+ Ke7 1-0

[Event "Montesilvano Adriatico op 3rd"]
[Site "Montesilvano"]
[Date "2013.09.21"]
[Round "2"]
[White "Calavalle, Giulio"]
[Black "Vesce, Emanuele"]
[Result "1-0"]
[WhiteElo "2205"]
[BlackElo "2002"]
[PlyCount "99"]
[EventDate "2013.09.20"]
[EventType "swiss"]
[EventRounds "5"]
[EventCountry "ITA"]
[SourceTitle "EXT 2015"]
[Source "ChessBase"]
[SourceDate "2014.11.20"]
[SourceVersion "1"]
[SourceVersionDate "2014.11.20"]
[SourceQuality "1"]

1. e4 c5 2. Nf3 d6 3. d4 cxd4 4. Nxd4 Nf6 5. Nc3 a6 6. Be2 e5 7. Nb3 Be7 8. Be3 0-0 9. g4 Be6 10. g5 Ne8 11. Qd2 Nc7 12. 0-0-0 Nd7 13. h4 b5 14. Na5 b4 15. Nd5 Nxd5 16. Nc6 Nxe3 17. Nxd8 Nxd1 18. Nxe6 fxe6 19. Bxd1 a5 20. Bg4 Nc5 21. Bxe6+ Nxe6 22. Qd5 Kf7 23. Rh3 Ra7 24. f4 exf4 25. Qf5+ Ke8 26. Qxe6 f3 27. Qc4 Kd7 28. e5 dxe5 29. Rxf3 Rxf3 30. Qg4+ Kd6 31. Qxf3 Rc7 32. Qd3+ Ke6 33. Qxh7 Bc5 34. Qg6+ Kd5 35. Kd2 Bd4 36. h5 e4 37. Qf5+ Be5 38. h6 gxh6 39. gxh6 Rc6 40. Qf7+ Kd4 41. c3+ bxc3+ 42. bxc3+ Rxc3 43. Qd7+ Kc5 44. Qe7+ Kd5 45. h7 e3+ 46. Ke2 Rc2+ 47. Kxe3 Rh2 48. Kf3 Kd4 49. Qa7+ Kd3 50. Qe3+ 1-0

[Event "ITA-ch U16"]
[Site "Courmayeur"]
[Date "2013.07.05"]
[Round "8"]
[White "Difronzo, Andrea"]
[Black "Vesce, Emanuele"]
[Result "0-1"]
[WhiteElo "1943"]
[BlackElo "1898"]
[PlyCount "66"]
[EventDate "2013.06.30"]
[EventType "swiss"]
[EventRounds "9"]
[EventCountry "ITA"]
[SourceTitle "EXT 2015"]
[Source "ChessBase"]
[SourceDate "2014.11.20"]
[SourceVersion "1"]
[SourceVersionDate "2014.11.20"]
[SourceQuality "1"]

1. e4 c5 2. c3 Nf6 3. e5 Nd5 4. d4 cxd4 5. Nf3 e6 6. cxd4 d6 7. Bc4 Nb6 8. Bb3 Nc6 9. Bg5 Qc7 10. 0-0 h6 11. Bh4 Be7 12. Bxe7 Qxe7 13. Nc3 0-0 14. Qe2 Bd7 15. Rfe1 Nb4 16. a3 N4d5 17. Rac1 Bc6 18. Ne4 dxe5 19. Nxe5 Nf4 20. Qf3 Bxe4 21. Rxe4 Nfd5 22. Rce1 Qf6 23. Qg3 Rac8 24. Bxd5 exd5 25. Rf4 Qg5 26. Rg4 Rc1 27. Nf3 Re8 28. h3 Rcxe1+ 29. Nxe1 Rxe1+ 30. Kh2 Qf6 31. Qb8+ Kh7 32. f3 Nc4 33. Qg3 Re2 0-1

[Event "Wch U16"]
[Site "Maribor"]
[Date "2012.11.12"]
[Round "6.55"]
[White "Vesce, Emanuele"]
[Black "Zagorsek, David"]
[Result "1/2-1/2"]
[WhiteElo "1880"]
[BlackElo "1611"]
[PlyCount "59"]
[EventDate "2012.11.08"]
[EventType "swiss"]
[EventRounds "11"]
[EventCountry "SLO"]
[SourceTitle "EXT 2013"]
[Source "ChessBase"]
[SourceDate "2012.11.22"]
[SourceVersion "1"]
[SourceVersionDate "2012.11.22"]
[SourceQuality "1"]

1. e4 e5 2. Nf3 Nf6 3. Nxe5 d6 4. Nf3 Nxe4 5. Nc3 Nxc3 6. dxc3 Be7 7. Bf4 0-0 8. Qd2 Nc6 9. 0-0-0 Be6 10. Kb1 Bf6 11. h4 Ne5 12. Ng5 a5 13. Bd3 g6 14. h5 Nxd3 15. cxd3 Bf5 16. hxg6 Bxg6 17. Qe3 Re8 18. Qg3 Bxg5 19. Bxg5 Qd7 20. Rxh7 Qf5 21. Rh4 Re5 22. Be3 c5 23. Ka1 Rae8 24. Rdh1 Qxd3 25. Rh8+ Kg7 26. R1h7+ Kf6 27. Qh4+ Kf5 28. Qg5+ Ke4 29. Qg4+ Kd5 30. Qf3+ 1/2-1/2

[Event "Trieste op 14th"]
[Site "Trieste"]
[Date "2012.09.06"]
[Round "7"]
[White "Vesce, Emanuele"]
[Black "Santeramo, Alessia Carmen"]
[Result "1/2-1/2"]
[WhiteElo "1903"]
[BlackElo "1866"]
[PlyCount "116"]
[EventDate "2012.09.01"]
[EventType "swiss"]
[EventRounds "9"]
[EventCountry "ITA"]
[SourceTitle "CBM 150 Extra"]
[Source "ChessBase"]
[SourceDate "2012.10.19"]
[SourceVersion "1"]
[SourceVersionDate "2012.10.19"]
[SourceQuality "1"]

1. d4 Nf6 2. Nf3 e6 3. c4 b6 4. a3 Ba6 5. Qc2 Bb7 6. Nc3 c5 7. e4 cxd4 8. Nxd4 d6 9. Be2 Nbd7 10. Be3 a6 11. g4 h6 12. 0-0-0 Rc8 13. f4 g6 14. e5 Bxh1 15. exf6 Bb7 16. Nxe6 Qxf6 17. Bd4 Ne5 18. fxe5 Qxe6 19. exd6 Rg8 20. d7+ Qxd7 21. Bxb6 Qe6 22. Qa4+ Bc6 23. Qxa6 Be7 24. Qa7 Bd6 25. Be3 Be5 26. Rd3 Bc7 27. Rd1 Be5 28. Rd3 Rc7 29. Qc5 Be4 30. Qb5+ Bc6 31. Qa5 f6 32. b4 Bb7 33. c5 Bxh2 34. Bd4 Rd7 35. Qb6 Qxb6 36. cxb6 Be5 37. Bxe5 Rxd3 38. Bxd3 fxe5 39. a4 h5 40. a5 h4 41. a6 Bxa6 42. Bxa6 h3 43. Bb7 Rf8 44. Kd2 Kd8 45. Be4 h2 46. Nd5 Kc8 47. b5 Rf2+ 48. Ke3 Rf1 49. Ke2 h1Q 50. Ne7+ Kb8 51. Bxh1 Rxh1 52. Nxg6 e4 53. Ne5 Rh3 54. g5 Rg3 55. Nd7+ Kb7 56. Nc5+ Kxb6 57. Nxe4 Rxg5 58. Nxg5 Kxb5 1/2-1/2

[Event "Trieste op 14th"]
[Site "Trieste"]
[Date "2012.09.04"]
[Round "5"]
[White "Litrico, Paolo"]
[Black "Vesce, Emanuele"]
[Result "1-0"]
[WhiteElo "1976"]
[BlackElo "1903"]
[PlyCount "85"]
[EventDate "2012.09.01"]
[EventType "swiss"]
[EventRounds "9"]
[EventCountry "ITA"]
[SourceTitle "CBM 150 Extra"]
[Source "ChessBase"]
[SourceDate "2012.10.19"]
[SourceVersion "1"]
[SourceVersionDate "2012.10.19"]
[SourceQuality "1"]

1. d4 Nf6 2. Nf3 g6 3. Nc3 d5 4. Bf4 Bg7 5. e3 0-0 6. Be2 c5 7. Ne5 Nc6 8. 0-0 cxd4 9. exd4 Bf5 10. Nxc6 bxc6 11. Na4 Nd7 12. c3 f6 13. Ba6 e5 14. Be3 Rb8 15. b4 Be6 16. Qe2 f5 17. dxe5 f4 18. Bd4 f3 19. Qe3 Qh4 20. Rfe1 Rb5 21. Qd3 fxg2 22. Qg3 Qh5 23. f4 Bh6 24. Be3 Nxe5 25. Bxb5 cxb5 26. Nc5 Nf3+ 27. Kxg2 Nxe1+ 28. Rxe1 Bf5 29. Bd2 Kh8 30. Re7 Qd1 31. Qf2 Qg4+ 32. Kh1 Bc2 33. Qd4+ Kg8 34. Qxd5+ Kh8 35. Qe5+ Kg8 36. Qe6+ Qxe6 37. Nxe6 Rf6 38. Be3 Bb1 39. Bd4 Rf5 40. Rxa7 Be4+ 41. Kg1 Bxf4 42. Rg7+ Kh8 43. Nxf4 1-0

[Event "ITA-ch B"]
[Site "Civitanova Marche"]
[Date "2012.07.18"]
[Round "4"]
[White "Forlano, Luigi"]
[Black "Vesce, Emanuele"]
[Result "1-0"]
[WhiteElo "1958"]
[BlackElo "1872"]
[PlyCount "45"]
[EventDate "2012.07.15"]
[EventType "swiss"]
[EventRounds "8"]
[EventCountry "ITA"]
[SourceTitle "EXT 2023"]
[Source "ChessBase"]
[SourceDate "2022.10.05"]
[SourceVersion "1"]
[SourceVersionDate "2022.10.05"]
[SourceQuality "1"]

1. Nf3 c5 2. g3 b6 3. Bg2 Bb7 4. d3 d5 5. Nbd2 Nf6 6. 0-0 e6 7. Re1 Be7 8. e4 Qc7 9. e5 Nfd7 10. c3 Nc6 11. Qe2 b5 12. Nf1 a5 13. Bf4 Ba6 14. h4 b4 15. Ne3 Qb6 16. Nxd5 exd5 17. e6 fxe6 18. Qxe6 0-0-0 19. Bh3 Bf6 20. Qxd5 Bb7 21. Re6 Nce5 22. Rxb6 Bxd5 23. Nxe5 1-0

[Event "ITA-ch B"]
[Site "Civitanova Marche"]
[Date "2012.07.17"]
[Round "3"]
[White "Simeone, Giulio"]
[Black "Vesce, Emanuele"]
[Result "0-1"]
[WhiteElo "1984"]
[BlackElo "1872"]
[PlyCount "76"]
[EventDate "2012.07.15"]
[EventType "swiss"]
[EventRounds "8"]
[EventCountry "ITA"]
[SourceTitle "EXT 2023"]
[Source "ChessBase"]
[SourceDate "2022.10.05"]
[SourceVersion "1"]
[SourceVersionDate "2022.10.05"]
[SourceQuality "1"]

1. c4 b6 2. Nf3 Bb7 3. Nc3 e6 4. e3 Nf6 5. Be2 Be7 6. Qc2 0-0 7. 0-0 d5 8. b3 c5 9. Bb2 Nc6 10. d4 Rc8 11. dxc5 bxc5 12. Rad1 d4 13. Ne4 e5 14. Nxf6+ Bxf6 15. Qf5 g6 16. Qg4 Rb8 17. exd4 exd4 18. Bd3 Re8 19. Rfe1 Qa5 20. a3 Rxe1+ 21. Nxe1 Ne5 22. Qf4 Rd8 23. Bc2 Bg7 24. Nd3 Qc7 25. Kf1 Qc6 26. f3 Re8 27. Re1 Nxd3 28. Rxe8+ Qxe8 29. Bxd3 Be5 30. Qg5 Bxh2 31. Qxc5 Bg3 32. Be4 Bxe4 33. fxe4 Qxe4 34. Qa5 Qb1+ 35. Ke2 Qxb2+ 36. Kd3 Qxb3+ 37. Kxd4 Qb6+ 38. Qxb6 axb6 0-1

[Event "Forni di Sopra op 3rd"]
[Site "Forni di Sopra"]
[Date "2012.06.18"]
[Round "3"]
[White "Vesce, Emanuele"]
[Black "Semeria, Marco"]
[Result "1/2-1/2"]
[WhiteElo "1849"]
[BlackElo "2042"]
[PlyCount "53"]
[EventDate "2012.06.16"]
[EventType "swiss"]
[EventRounds "9"]
[EventCountry "ITA"]
[SourceTitle "CBM 149 Extra"]
[Source "ChessBase"]
[SourceDate "2012.08.24"]
[SourceVersion "1"]
[SourceVersionDate "2012.08.24"]
[SourceQuality "1"]

1. e4 d5 2. exd5 Nf6 3. Nf3 Nxd5 4. d4 Bg4 5. Be2 e6 6. 0-0 c6 7. c4 Nb6 8. b3 Be7 9. Bb2 0-0 10. Nbd2 N8d7 11. Ne4 Nf6 12. Ng3 Qc7 13. h3 Bxf3 14. Bxf3 Rad8 15. Qe2 Rfe8 16. Rad1 Nbd7 17. Rd3 Nf8 18. Ne4 Ng6 19. g3 Nxe4 20. Bxe4 Bf6 21. h4 Qb6 22. h5 Ne7 23. h6 gxh6 24. Kg2 Bg7 25. Rh1 f5 26. Bf3 Ng6 27. Re3 1/2-1/2

[Event "Forni di Sopra op 3rd"]
[Site "Forni di Sopra"]
[Date "2012.06.16"]
[Round "1"]
[White "Vesce, Emanuele"]
[Black "Basso, Pier Luigi"]
[Result "1/2-1/2"]
[WhiteElo "1849"]
[BlackElo "2181"]
[PlyCount "76"]
[EventDate "2012.06.16"]
[EventType "swiss"]
[EventRounds "9"]
[EventCountry "ITA"]
[SourceTitle "CBM 149 Extra"]
[Source "ChessBase"]
[SourceDate "2012.08.24"]
[SourceVersion "1"]
[SourceVersionDate "2012.08.24"]
[SourceQuality "1"]

1. e4 c5 2. Nf3 e6 3. c3 d5 4. exd5 exd5 5. Bb5+ Nc6 6. 0-0 Bd6 7. d4 Nge7 8. Nbd2 0-0 9. dxc5 Bxc5 10. Nb3 Bd6 11. Nbd4 Bg4 12. Qd3 Qc7 13. h3 Bh5 14. Ba4 Bg6 15. Qd1 a6 16. Bc2 Rfe8 17. Bxg6 hxg6 18. Bg5 Na5 19. Qc2 Nec6 20. Rad1 Rac8 21. Nb3 Be7 22. Bxe7 Nxe7 23. Nxa5 Qxa5 24. Qb3 b5 25. Rfe1 Qc7 26. Re5 Rcd8 27. Rde1 Qd7 28. Qa3 Kf8 29. Ng5 f6 30. Ne6+ Kg8 31. R5e2 Rb8 32. Nc5 Qa7 33. Nxa6 Rb7 34. Qa5 Kf7 35. Qa3 Ra8 36. Re6 Nf5 37. Qb4 Rc8 38. Qb3 Ne7 1/2-1/2

[Event "Cento op 1st"]
[Site "Cento"]
[Date "2011.02.10"]
[Round "6"]
[White "Vesce, Emanuele"]
[Black "Arnetta, Maria Teresa"]
[Result "1/2-1/2"]
[WhiteElo "1875"]
[BlackElo "2071"]
[PlyCount "84"]
[EventDate "2011.02.05"]
[EventType "swiss"]
[EventRounds "9"]
[EventCountry "ITA"]
[SourceTitle "CBM 140 Extra"]
[Source "ChessBase"]
[SourceDate "2011.03.01"]
[SourceVersion "1"]
[SourceVersionDate "2011.03.01"]
[SourceQuality "1"]

1. e4 e6 2. Nc3 d5 3. Nf3 d4 4. Ne2 c5 5. c3 Nc6 6. cxd4 cxd4 7. Qa4 Bc5 8. b4 Bb6 9. b5 Nce7 10. Nexd4 Nf6 11. Be2 Nxe4 12. 0-0 Nf6 13. Bb2 0-0 14. Ne5 Ned5 15. Ndf3 Nd7 16. Nxd7 Bxd7 17. Ne5 a6 18. Nxd7 Qxd7 19. Qg4 f5 20. Qf3 axb5 21. Rfe1 Kh8 22. Qb3 b4 23. Bc4 Nf4 24. Qg3 Bc7 25. Qe3 Qc6 26. Bf1 Rfe8 27. Rac1 Qd6 28. Rxc7 Qxc7 29. Be5 Nd5 30. Bxc7 Nxe3 31. Rxe3 Rxa2 32. Rb3 Rc8 33. Be5 Ra4 34. Rg3 Rg8 35. Bc4 Ra3 36. Kf1 Rxg3 37. hxg3 Rc8 38. d3 b5 39. Bb3 Ra8 40. Bb2 Ra6 41. Ke2 Kg8 42. Ke3 Kf7 1/2-1/2

[Event "Cento op 1st"]
[Site "Cento"]
[Date "2011.02.05"]
[Round "1"]
[White "De Santis, Alessio"]
[Black "Vesce, Emanuele"]
[Result "1-0"]
[WhiteElo "2289"]
[BlackElo "1875"]
[PlyCount "61"]
[EventDate "2011.02.05"]
[EventType "swiss"]
[EventRounds "9"]
[EventCountry "ITA"]
[SourceTitle "CBM 140 Extra"]
[Source "ChessBase"]
[SourceDate "2011.03.01"]
[SourceVersion "1"]
[SourceVersionDate "2011.03.01"]
[SourceQuality "1"]

1. b3 e5 2. Bb2 Nc6 3. e3 d6 4. d4 Nf6 5. Nf3 e4 6. d5 Nb4 7. Ng5 h6 8. a3 Nxc2+ 9. Qxc2 hxg5 10. Nc3 Bd7 11. Rd1 Qe7 12. Rd4 c5 13. dxc6 Bxc6 14. Bb5 Qd7 15. Bxc6 Qxc6 16. Rc4 Qd7 17. Nxe4 Nd5 18. Nxg5 Be7 19. Bxg7 Rh5 20. Nf3 b5 21. Rd4 Rc8 22. Qb1 Nf6 23. 0-0 Rcc5 24. Rfd1 Rcf5 25. Bxf6 Rxf6 26. Qe4 Rhf5 27. Qa8+ Bd8 28. Rh4 Ke7 29. Nd4 Rxf2 30. Qe4+ Kf8 31. Rh8+ 1-0

[Event "Amantea op-B 8th"]
[Site "Amantea"]
[Date "2010.09.05"]
[Round "8"]
[White "Vesce, Emanuele"]
[Black "Stoja, Rocco"]
[Result "1-0"]
[WhiteElo "1735"]
[BlackElo "1820"]
[PlyCount "97"]
[EventDate "2010.08.29"]
[EventType "swiss"]
[EventRounds "9"]
[EventCountry "ITA"]
[SourceTitle "CBM 138 Extra"]
[Source "ChessBase"]
[SourceDate "2010.10.29"]
[SourceVersion "1"]
[SourceVersionDate "2010.10.29"]
[SourceQuality "1"]

1. d4 Nf6 2. Nf3 g6 3. Nc3 d5 4. Bf4 Nh5 5. Bg5 Bg7 6. Qd2 0-0 7. Bh6 c6 8. Bxg7 Nxg7 9. h4 Qc7 10. Ne5 f6 11. Nf3 b5 12. e3 e5 13. dxe5 fxe5 14. Ng5 e4 15. 0-0-0 a5 16. Bxb5 Qe5 17. Ba4 h6 18. f4 Qf6 19. Nh3 Ra7 20. Nf2 h5 21. Rdg1 Na6 22. g4 Nc5 23. gxh5 gxh5 24. Rg5 Rb7 25. Rhg1 Nxa4 26. Nxa4 Kh7 27. Qc3 Qxc3 28. Nxc3 Bf5 29. Ne2 Kh6 30. Nd4 Rf6 31. b3 c5 32. Ne2 Ne6 33. Ng3 Ng7 34. Ne2 Rd7 35. c3 Rg6 36. Kb2 Rxg5 37. Rxg5 Rd6 38. Ng3 Rf6 39. Ka3 Be6 40. Ka4 Bd7+ 41. Kxa5 Bc6 42. Rxg7 Kxg7 43. Nxh5+ Kg6 44. Nxf6 Kxf6 45. Kb6 d4 46. cxd4 cxd4 47. Kxc6 Kf5 48. Nxe4 dxe3 49. Nc3 1-0

[Event "Amantea op-B 8th"]
[Site "Amantea"]
[Date "2010.08.30"]
[Round "2"]
[White "Serratore, Vincenzo"]
[Black "Vesce, Emanuele"]
[Result "1/2-1/2"]
[WhiteElo "1881"]
[BlackElo "1735"]
[PlyCount "56"]
[EventDate "2010.08.29"]
[EventType "swiss"]
[EventRounds "9"]
[EventCountry "ITA"]
[SourceTitle "CBM 138 Extra"]
[Source "ChessBase"]
[SourceDate "2010.10.29"]
[SourceVersion "1"]
[SourceVersionDate "2010.10.29"]
[SourceQuality "1"]

1. d4 Nf6 2. Nd2 c5 3. e3 Nc6 4. c3 d6 5. Bd3 g6 6. Ngf3 Bg7 7. Qe2 0-0 8. 0-0 a6 9. a4 Re8 10. e4 cxd4 11. cxd4 Bg4 12. d5 Nd4 13. Qe3 Bxf3 14. Nxf3 Nb3 15. Ra3 Ng4 16. Qe2 Nxc1 17. Rxc1 Qb6 18. Rb1 Bh6 19. Bc2 Rac8 20. Rb3 Qxf2+ 21. Qxf2 Nxf2 22. Kxf2 Rxc2+ 23. Kg3 Rc7 24. Re1 Bg7 25. Re2 Rb8 26. h3 Rc4 27. Ra3 Rbc8 28. Ne1 Be5+ 1/2-1/2